[Event "European Women's Championship"]
[Site "Vysoke Tatry"]
[Date "2018.04.09"]
[Round "2"]
[White "Bulmaga, Irina"]
[Black "Motycakova, Monika"]
[Result "1-0"]
[Board "35"]
[WhiteElo "2414"]
[WhiteTitle "IM"]
[WhiteCountry "ROU"]
[WhiteFideId "13903063"]
[WhiteEloChange "2"]
[BlackElo "2207"]
[BlackTitle "WFM"]
[BlackCountry "SVK"]
[BlackFideId "14909626"]
[BlackEloChange "-5"]

1. Nf3 {[%clk 1:30:55]} d5 {[%clk 1:30:35]} 2. g3 {[%clk 1:31:17]} c6 {[%clk
1:31:00]} 3. Bg2 {[%clk 1:31:39]} Bg4 {[%clk 1:30:49]} 4. O-O {[%clk 1:32:00]}
Nd7 {[%clk 1:30:50]} 5. d3 {[%clk 1:32:03]} Ngf6 {[%clk 1:26:52]} 6. h3 {[%clk
1:32:13]} Bh5 {[%clk 1:26:54]} 7. Qe1 {[%clk 1:32:30]} e5 {[%clk 1:22:33]} 8. e4
{[%clk 1:32:52]} dxe4 {[%clk 1:16:34]} 9. dxe4 {[%clk 1:33:02]} Bc5 {[%clk
1:13:04]} 10. a4 {[%clk 1:33:02]} Qe7 {[%clk 1:06:20]} 11. Nbd2 {[%clk 1:31:02]}
O-O {[%clk 1:02:12]} 12. Nh4 {[%clk 1:28:50]} Rfe8 {[%clk 0:52:15]} 13. Nb3
{[%clk 1:25:29]} Bb6 {[%clk 0:50:31]} 14. a5 {[%clk 1:24:02]} Bc7 {[%clk
0:50:55]} 15. Be3 {[%clk 1:14:40]} Qe6 {[%clk 0:44:49]} 16. f3 {[%clk 1:02:42]}
b6 {[%clk 0:35:01]} 17. Qf2 {[%clk 0:59:58]} Red8 {[%clk 0:31:30]} 18. Rfe1
{[%clk 0:55:04]} Ne8 {[%clk 0:26:51]} 19. g4 {[%clk 0:41:43]} Bg6 {[%clk
0:26:56]} 20. Nf5 {[%clk 0:40:13]} Nd6 {[%clk 0:22:58]} 21. Bf1 {[%clk 0:31:46]}
f6 {[%clk 0:14:26]} 22. Nxd6 {[%clk 0:28:50]} Qxd6 {[%clk 0:14:48]} 23. Bc4+
{[%clk 0:28:28]} Bf7 {[%clk 0:12:41]} 24. Bxf7+ {[%clk 0:25:50]} Kxf7 {[%clk
0:13:07]} 25. Red1 {[%clk 0:26:11]} Qe6 {[%clk 0:12:25]} 26. Rd3 {[%clk 0:25:56]}
c5 {[%clk 0:09:18]} 27. Rd5 {[%clk 0:25:47]} c4 {[%clk 0:07:04]} 28. Nd2 {[%clk
0:22:31]} Qc6 {[%clk 0:07:23]} 29. axb6 {[%clk 0:20:21]} Nxb6 {[%clk 0:03:44]}
30. Rc5 {[%clk 0:19:40]} Qd7 {[%clk 0:02:59]} 31. Nxc4 {[%clk 0:19:42]} Qe7
{[%clk 0:02:18]} 32. Kg2 {[%clk 0:16:48]} Nxc4 {[%clk 0:01:59]} 33. Rxc4 {[%clk
0:17:12]} a5 {[%clk 0:01:27]} 34. b3 {[%clk 0:13:53]} Rd7 {[%clk 0:01:47]} 35.
Re1 {[%clk 0:10:42]} Qe6 {[%clk 0:01:38]} 36. Re2 {[%clk 0:09:26]} a4 {[%clk
0:01:22]} 37. Rxa4 {[%clk 0:09:25]} Rxa4 {[%clk 0:01:49]} 38. bxa4 {[%clk
0:09:50]} Qa2 {[%clk 0:02:11]} 39. Rd2 {[%clk 0:09:40]} Qxa4 {[%clk 0:02:30]} 40.
Rxd7+ {[%clk 0:39:31]} Qxd7 {[%clk 0:32:56]} 41. Qe2 {[%clk 0:35:11]} Kg6 {[%clk
0:18:17]} 42. h4 {[%clk 0:30:44]} h5 {[%clk 0:16:41]} 43. Qc4 {[%clk 0:15:09]}
hxg4 {[%clk 0:13:49]} 44. Qg8 {[%clk 0:15:23]} gxf3+ {[%clk 0:12:48]} 45. Kg3
{[%clk 0:15:28]} f5 {[%clk 0:08:47]} 46. h5+ {[%clk 0:15:51]} Kf6 {[%clk
0:08:53]} 47. Qf8+ {[%clk 0:16:15]} Ke6 {[%clk 0:04:57]} 48. Qxf5+ {[%clk
0:16:37]} Kd6 {[%clk 0:04:19]} 49. Bc5+ {[%clk 0:16:59]} Kc6 {[%clk 0:04:32]} 50.
Qxd7+ {[%clk 0:17:23]} Kxd7 {[%clk 0:04:59]} 51. Bf8 {[%clk 0:17:47]} 1-0

[Event "European Women's Championship"]
[Site "Vysoke Tatry"]
[Date "2018.04.09"]
[Round "2"]
[White "Danielian, Elina"]
[Black "Mikadze, Miranda"]
[Result "1-0"]
[Board "36"]
[WhiteElo "2410"]
[WhiteTitle "GM"]
[WhiteCountry "ARM"]
[WhiteFideId "13300210"]
[WhiteEloChange "2"]
[BlackElo "2216"]
[BlackTitle "WGM"]
[BlackCountry "GEO"]
[BlackFideId "13603108"]
[BlackEloChange "-5"]

1. d4 {[%clk 1:30:57]} d5 {[%clk 1:30:56]} 2. c4 {[%clk 1:31:08]} c6 {[%clk
1:31:23]} 3. Nf3 {[%clk 1:31:23]} Nf6 {[%clk 1:31:49]} 4. Nc3 {[%clk 1:31:24]}
dxc4 {[%clk 1:32:02]} 5. a4 {[%clk 1:29:30]} e6 {[%clk 1:32:18]} 6. e4 {[%clk
1:29:30]} Bb4 {[%clk 1:32:15]} 7. Qc2 {[%clk 1:25:29]} b5 {[%clk 1:22:54]} 8. Be2
{[%clk 1:25:51]} Bb7 {[%clk 1:22:47]} 9. Bg5 {[%clk 1:25:21]} h6 {[%clk 1:22:38]}
10. Bh4 {[%clk 1:25:46]} g5 {[%clk 1:00:30]} 11. Bg3 {[%clk 1:24:56]} a6 {[%clk
1:00:47]} 12. O-O {[%clk 0:47:56]} Nbd7 {[%clk 0:37:46]} 13. Rad1 {[%clk
0:46:29]} Nh5 {[%clk 0:33:21]} 14. d5 {[%clk 0:40:32]} Nxg3 {[%clk 0:33:47]} 15.
hxg3 {[%clk 0:40:57]} Qc7 {[%clk 0:27:42]} 16. dxe6 {[%clk 0:36:16]} fxe6 {[%clk
0:27:52]} 17. b3 {[%clk 0:32:47]} Qa5 {[%clk 0:18:56]} 18. Na2 {[%clk 0:32:33]}
Be7 {[%clk 0:17:03]} 19. Nd4 {[%clk 0:31:00]} cxb3 {[%clk 0:17:20]} 20. Bh5+
{[%clk 0:30:58]} Kd8 {[%clk 0:17:36]} 21. Qxb3 {[%clk 0:26:45]} c5 {[%clk
0:14:17]} 22. Qxe6 {[%clk 0:17:07]} cxd4 {[%clk 0:14:21]} 23. Rxd4 {[%clk
0:17:33]} Bc8 {[%clk 0:14:35]} 24. Rfd1 {[%clk 0:14:42]} Ra7 {[%clk 0:15:00]} 25.
Bg4 {[%clk 0:14:06]} Qc7 {[%clk 0:13:48]} 26. Nb4 {[%clk 0:13:18]} h5 {[%clk
0:11:22]} 27. Nc6+ {[%clk 0:09:17]} Qxc6 {[%clk 0:11:49]} 28. Qxc6 {[%clk
0:09:42]} hxg4 {[%clk 0:12:16]} 29. Rc1 {[%clk 0:09:54]} 1-0

[Event "European Women's Championship"]
[Site "Vysoke Tatry"]
[Date "2018.04.09"]
[Round "2"]
[White "Semenova, Elena"]
[Black "Gaponenko, Inna"]
[Result "0-1"]
[Board "37"]
[WhiteElo "2221"]
[WhiteTitle "WIM"]
[WhiteCountry "RUS"]
[WhiteFideId "24125148"]
[WhiteEloChange "-5"]
[BlackElo "2406"]
[BlackTitle "IM"]
[BlackCountry "UKR"]
[BlackFideId "14101181"]
[BlackEloChange "3"]

1. e4 {[%clk 1:30:57]} c5 {[%clk 1:30:55]} 2. c3 {[%clk 1:31:19]} d5 {[%clk
1:28:08]} 3. exd5 {[%clk 1:31:39]} Qxd5 {[%clk 1:28:32]} 4. d4 {[%clk 1:31:57]}
Nf6 {[%clk 1:19:27]} 5. Nf3 {[%clk 1:31:06]} e6 {[%clk 1:17:28]} 6. Be2 {[%clk
1:27:16]} cxd4 {[%clk 0:50:24]} 7. cxd4 {[%clk 1:21:01]} Nc6 {[%clk 0:50:48]} 8.
Nc3 {[%clk 1:20:49]} Qd6 {[%clk 0:46:52]} 9. O-O {[%clk 1:18:44]} Be7 {[%clk
0:47:12]} 10. Nb5 {[%clk 1:19:05]} Qd8 {[%clk 0:47:27]} 11. Bf4 {[%clk 1:19:28]}
Nd5 {[%clk 0:47:43]} 12. Bg3 {[%clk 1:19:54]} O-O {[%clk 0:47:03]} 13. Ne5 {[%clk
1:13:20]} Bd7 {[%clk 0:30:11]} 14. Nc4 {[%clk 0:50:43]} Na5 {[%clk 0:19:46]} 15.
Ne3 {[%clk 0:46:07]} Bxb5 {[%clk 0:12:22]} 16. Bxb5 {[%clk 0:45:39]} a6 {[%clk
0:11:31]} 17. Ba4 {[%clk 0:38:20]} Rc8 {[%clk 0:07:47]} 18. Qd3 {[%clk 0:31:58]}
Nb4 {[%clk 0:06:05]} 19. Qe4 {[%clk 0:28:46]} b5 {[%clk 0:06:31]} 20. Bd1 {[%clk
0:28:39]} Qd7 {[%clk 0:01:39]} 21. a3 {[%clk 0:27:27]} f5 {[%clk 0:00:52]} 22.
Qf3 {[%clk 0:18:32]} Nbc6 {[%clk 0:01:17]} 23. d5 {[%clk 0:16:29]} Nd4 {[%clk
0:01:42]} 24. Qf4 {[%clk 0:16:56]} Nab3 {[%clk 0:01:57]} 25. Bxb3 {[%clk
0:13:41]} Ne2+ {[%clk 0:01:22]} 26. Kh1 {[%clk 0:13:58]} Nxf4 {[%clk 0:01:47]}
27. Bxf4 {[%clk 0:14:16]} Kh8 {[%clk 0:01:31]} 28. dxe6 {[%clk 0:14:31]} Qd3
{[%clk 0:00:51]} 29. Ba2 {[%clk 0:14:27]} Rfd8 {[%clk 0:00:51]} 30. Be5 {[%clk
0:11:51]} Qe4 {[%clk 0:01:02]} 31. Bc3 {[%clk 0:11:45]} f4 {[%clk 0:00:53]} 32.
Ng4 {[%clk 0:12:11]} f3 {[%clk 0:00:50]} 33. Ne3 {[%clk 0:11:40]} fxg2+ {[%clk
0:00:54]} 34. Nxg2 {[%clk 0:12:06]} Qf3 {[%clk 0:00:59]} 35. Rae1 {[%clk
0:12:03]} Rxc3 {[%clk 0:00:58]} 36. bxc3 {[%clk 0:12:27]} Qxc3 {[%clk 0:01:23]}
37. Re3 {[%clk 0:09:07]} Qf6 {[%clk 0:01:52]} 38. f4 {[%clk 0:08:18]} Rd2 {[%clk
0:01:12]} 39. Bb1 {[%clk 0:08:22]} g6 {[%clk 0:01:18]} 40. f5 {[%clk 0:34:31]}
Bd6 {[%clk 0:31:10]} 41. Rfe1 {[%clk 0:29:42]} Qg5 {[%clk 0:13:35]} 42. Be4
{[%clk 0:19:50]} gxf5 {[%clk 0:08:45]} 43. Bf3 {[%clk 0:17:16]} Qh6 {[%clk
0:05:24]} 44. h4 {[%clk 0:17:41]} Be7 {[%clk 0:05:28]} 45. h5 {[%clk 0:17:44]}
Qg5 {[%clk 0:04:22]} 46. Be2 {[%clk 0:10:08]} Kg7 {[%clk 0:02:59]} 47. Rh3 {[%clk
0:07:37]} Bc5 {[%clk 0:02:12]} 48. h6+ {[%clk 0:04:28]} Kf6 {[%clk 0:02:29]} 49.
Bf3 {[%clk 0:04:54]} Rc2 {[%clk 0:01:50]} 50. Rh5 {[%clk 0:01:59]} Qd2 {[%clk
0:01:52]} 51. Rd1 {[%clk 0:01:46]} Rc1 {[%clk 0:02:05]} 52. Rxc1 {[%clk 0:01:37]}
Qxc1+ {[%clk 0:02:30]} 53. Kh2 {[%clk 0:02:06]} Bd6+ {[%clk 0:02:29]} 0-1

[Event "European Women's Championship"]
[Site "Vysoke Tatry"]
[Date "2018.04.09"]
[Round "2"]
[White "Shvayger, Yuliya"]
[Black "Petrenko, Svetlana"]
[Result "1-0"]
[Board "38"]
[WhiteElo "2404"]
[WhiteTitle "IM"]
[WhiteCountry "ISR"]
[WhiteFideId "14100126"]
[WhiteEloChange "2"]
[BlackElo "2178"]
[BlackTitle "IM"]
[BlackCountry "MDA"]
[BlackFideId "13900196"]
[BlackEloChange "-4"]

1. d4 {[%clk 1:30:36]} d5 {[%clk 1:30:40]} 2. Nf3 {[%clk 1:29:00]} Nf6 {[%clk
1:29:54]} 3. Bf4 {[%clk 1:28:30]} c6 {[%clk 1:28:41]} 4. e3 {[%clk 1:27:03]} g6
{[%clk 1:25:49]} 5. Nc3 {[%clk 1:25:36]} Bg7 {[%clk 1:22:36]} 6. h4 {[%clk
1:25:57]} b5 {[%clk 1:20:53]} 7. Ne5 {[%clk 1:25:04]} h5 {[%clk 1:10:58]} 8. f3
{[%clk 1:23:44]} a5 {[%clk 1:03:06]} 9. Qd2 {[%clk 1:22:59]} b4 {[%clk 0:58:40]}
10. Na4 {[%clk 1:22:08]} Nfd7 {[%clk 0:59:02]} 11. Nd3 {[%clk 1:13:55]} Ba6
{[%clk 0:58:22]} 12. a3 {[%clk 1:13:43]} bxa3 {[%clk 0:54:48]} 13. Rxa3 {[%clk
1:13:55]} Bxd3 {[%clk 0:51:33]} 14. Bxd3 {[%clk 1:10:57]} e5 {[%clk 0:50:36]} 15.
dxe5 {[%clk 1:05:39]} Nxe5 {[%clk 0:49:47]} 16. Be2 {[%clk 1:04:33]} Nbd7 {[%clk
0:47:53]} 17. Bg5 {[%clk 0:59:43]} Qc7 {[%clk 0:39:51]} 18. O-O {[%clk 0:59:10]}
O-O {[%clk 0:39:52]} 19. Rd1 {[%clk 0:54:43]} Ra7 {[%clk 0:32:44]} 20. b3 {[%clk
0:54:40]} Qd6 {[%clk 0:29:00]} 21. Ra2 {[%clk 0:51:41]} Qb4 {[%clk 0:23:44]} 22.
Nb2 {[%clk 0:35:00]} Qxd2 {[%clk 0:21:05]} 23. Rxd2 {[%clk 0:35:27]} Rb8 {[%clk
0:20:54]} 24. Be7 {[%clk 0:32:34]} f5 {[%clk 0:19:43]} 25. Bd1 {[%clk 0:25:54]}
Kf7 {[%clk 0:18:45]} 26. Bd6 {[%clk 0:24:42]} Rbb7 {[%clk 0:19:11]} 27. Na4
{[%clk 0:24:31]} Ke6 {[%clk 0:16:56]} 28. Bc5 {[%clk 0:23:21]} Ra8 {[%clk
0:17:12]} 29. Kf2 {[%clk 0:21:59]} Bf6 {[%clk 0:14:21]} 30. g3 {[%clk 0:22:20]}
Rb5 {[%clk 0:10:18]} 31. Ba3 {[%clk 0:22:32]} Rb7 {[%clk 0:07:57]} 32. Kg2 {[%clk
0:17:56]} Bg7 {[%clk 0:06:01]} 33. Be2 {[%clk 0:15:35]} Bh6 {[%clk 0:05:40]} 34.
Kf2 {[%clk 0:15:46]} Bg7 {[%clk 0:04:49]} 35. Bf1 {[%clk 0:15:11]} Kf7 {[%clk
0:04:21]} 36. Rd1 {[%clk 0:14:44]} Bf6 {[%clk 0:02:39]} 37. Be2 {[%clk 0:09:56]}
Re8 {[%clk 0:02:24]} 38. Nc5 {[%clk 0:07:25]} Nxc5 {[%clk 0:02:10]} 39. Bxc5
{[%clk 0:07:53]} Bd8 {[%clk 0:01:18]} 40. Ba6 {[%clk 0:36:47]} Rb8 {[%clk
0:30:50]} 41. Be2 {[%clk 0:25:44]} Bc7 {[%clk 0:27:06]} 42. Bd4 {[%clk 0:25:32]}
Nd7 {[%clk 0:26:26]} 43. Rc1 {[%clk 0:23:27]} Nf8 {[%clk 0:16:59]} 44. Rca1
{[%clk 0:20:49]} Nd7 {[%clk 0:13:32]} 45. Bf1 {[%clk 0:20:21]} Re7 {[%clk
0:13:11]} 46. Ba6 {[%clk 0:13:10]} Re6 {[%clk 0:12:23]} 47. Bc3 {[%clk 0:11:38]}
Bb6 {[%clk 0:12:46]} 48. Bxa5 {[%clk 0:11:32]} Bxe3+ {[%clk 0:12:57]} 49. Kg2
{[%clk 0:11:56]} Nc5 {[%clk 0:09:21]} 50. Bf1 {[%clk 0:12:01]} Re7 {[%clk
0:09:21]} 51. Bc3 {[%clk 0:11:49]} Ne6 {[%clk 0:07:43]} 52. Ra8 {[%clk 0:08:31]}
Rxa8 {[%clk 0:07:34]} 53. Rxa8 {[%clk 0:08:58]} f4 {[%clk 0:06:54]} 54. Bd3
{[%clk 0:07:38]} fxg3 {[%clk 0:05:59]} 55. Kxg3 {[%clk 0:08:06]} Nf4 {[%clk
0:05:08]} 56. Bf1 {[%clk 0:07:49]} c5 {[%clk 0:04:17]} 57. Ra6 {[%clk 0:06:25]}
Ne6 {[%clk 0:03:28]} 58. Bb2 {[%clk 0:05:57]} Bd2 {[%clk 0:02:40]} 59. Kf2 {[%clk
0:06:00]} g5 {[%clk 0:02:43]} 60. hxg5 {[%clk 0:05:09]} Bxg5 {[%clk 0:02:39]} 61.
Be5 {[%clk 0:02:39]} Nc7 {[%clk 0:01:27]} 62. Bxc7 {[%clk 0:02:41]} Rxc7 {[%clk
0:01:54]} 63. Rd6 {[%clk 0:02:54]} d4 {[%clk 0:01:57]} 64. Rd5 {[%clk 0:03:04]}
Kf6 {[%clk 0:00:52]} 65. Bd3 {[%clk 0:02:42]} Be3+ {[%clk 0:01:03]} 66. Ke2
{[%clk 0:02:55]} h4 {[%clk 0:00:47]} 67. Rf5+ {[%clk 0:03:12]} Ke6 {[%clk
0:01:10]} 68. Rh5 {[%clk 0:03:38]} Rg7 {[%clk 0:01:09]} 69. Bc4+ {[%clk 0:01:25]}
Kd6 {[%clk 0:01:20]} 70. Rxh4 {[%clk 0:01:48]} Bg5 {[%clk 0:00:50]} 71. Rh5
{[%clk 0:01:25]} Ke5 {[%clk 0:00:54]} 72. Bd3 {[%clk 0:01:41]} Kf4 {[%clk
0:00:54]} 73. Be4 {[%clk 0:02:04]} Ra7 {[%clk 0:00:47]} 74. Kd3 {[%clk 0:02:28]}
Rc7 {[%clk 0:00:46]} 75. Kc4 {[%clk 0:02:43]} Be7 {[%clk 0:00:37]} 76. Rf5+
{[%clk 0:02:33]} Ke3 {[%clk 0:01:01]} 77. Rf7 {[%clk 0:02:56]} Ra7 {[%clk
0:00:50]} 78. Kd5 {[%clk 0:02:01]} Rc7 {[%clk 0:00:55]} 79. Kc4 {[%clk 0:00:51]}
Ra7 {[%clk 0:00:48]} 80. Bd3 {[%clk 0:01:17]} Rc7 {[%clk 0:00:39]} 81. f4 {[%clk
0:01:45]} Bd6 {[%clk 0:00:36]} 82. Rxc7 {[%clk 0:02:04]} Bxc7 {[%clk 0:01:05]}
83. f5 {[%clk 0:01:47]} Bd6 {[%clk 0:01:16]} 84. Kd5 {[%clk 0:02:13]} Bf8 {[%clk
0:01:43]} 85. Ke5 {[%clk 0:00:54]} Kf3 {[%clk 0:01:58]} 86. Kf6 {[%clk 0:00:45]}
Kf4 {[%clk 0:02:00]} 87. Kf7 {[%clk 0:00:56]} Bd6 {[%clk 0:01:54]} 88. Ke6 {[%clk
0:00:49]} Bf8 {[%clk 0:02:18]} 89. Kf7 {[%clk 0:00:46]} Bd6 {[%clk 0:02:44]} 90.
Kf6 {[%clk 0:01:10]} Bf8 {[%clk 0:01:39]} 91. Bc4 {[%clk 0:01:39]} Ke4 {[%clk
0:01:06]} 92. Ke6 {[%clk 0:01:39]} Kf4 {[%clk 0:00:51]} 93. Kf6 {[%clk 0:01:06]}
Ke4 {[%clk 0:00:44]} 94. Kg6 {[%clk 0:01:22]} Ke5 {[%clk 0:01:00]} 95. f6 {[%clk
0:01:42]} Bd6 {[%clk 0:01:00]} 96. Kg7 {[%clk 0:01:53]} Kf5 {[%clk 0:00:53]} 97.
f7 {[%clk 0:02:16]} 1-0

[Event "European Women's Championship"]
[Site "Vysoke Tatry"]
[Date "2018.04.09"]
[Round "2"]
[White "Ghukasyan, Siranush"]
[Black "Mkrtchian, Lilit"]
[Result "1-0"]
[Board "39"]
[WhiteElo "2195"]
[WhiteTitle "WIM"]
[WhiteCountry "ARM"]
[WhiteFideId "13300946"]
[WhiteEloChange "15"]
[BlackElo "2403"]
[BlackTitle "IM"]
[BlackCountry "ARM"]
[BlackFideId "13300601"]
[BlackEloChange "-8"]

1. e4 {[%clk 1:30:57]} g6 {[%clk 1:30:36]} 2. d4 {[%clk 1:31:22]} Bg7 {[%clk
1:30:56]} 3. Nc3 {[%clk 1:31:42]} c6 {[%clk 1:30:58]} 4. h3 {[%clk 1:30:43]} d6
{[%clk 1:30:52]} 5. Nf3 {[%clk 1:29:52]} Nf6 {[%clk 1:30:42]} 6. Bd3 {[%clk
1:28:02]} O-O {[%clk 1:27:01]} 7. O-O {[%clk 1:28:12]} Nbd7 {[%clk 1:26:43]} 8.
a4 {[%clk 1:20:42]} Qc7 {[%clk 1:08:17]} 9. Be3 {[%clk 1:15:49]} b6 {[%clk
1:06:27]} 10. Qd2 {[%clk 1:12:11]} Re8 {[%clk 1:03:21]} 11. Bh6 {[%clk 1:11:29]}
Bh8 {[%clk 1:03:43]} 12. Bc4 {[%clk 1:03:51]} Bb7 {[%clk 0:46:40]} 13. Rfe1
{[%clk 1:00:21]} d5 {[%clk 0:46:24]} 14. Ba2 {[%clk 0:59:07]} Nxe4 {[%clk
0:38:18]} 15. Nxe4 {[%clk 0:57:46]} dxe4 {[%clk 0:38:41]} 16. Ng5 {[%clk
0:57:23]} e6 {[%clk 0:38:44]} 17. Rxe4 {[%clk 0:52:35]} Nf6 {[%clk 0:30:47]} 18.
Re2 {[%clk 0:38:38]} Qd6 {[%clk 0:17:02]} 19. Rae1 {[%clk 0:36:48]} Nd5 {[%clk
0:17:07]} 20. c4 {[%clk 0:31:22]} Nc7 {[%clk 0:14:14]} 21. Ne4 {[%clk 0:19:48]}
Qxd4 {[%clk 0:14:12]} 22. Qf4 {[%clk 0:20:03]} Na6 {[%clk 0:12:02]} 23. Rd2
{[%clk 0:15:18]} Qe5 {[%clk 0:11:08]} 24. Qh4 {[%clk 0:15:32]} Nc5 {[%clk
0:09:02]} 25. Bf4 {[%clk 0:14:52]} Qh5 {[%clk 0:06:21]} 26. Qxh5 {[%clk 0:09:56]}
gxh5 {[%clk 0:06:47]} 27. Nd6 {[%clk 0:07:58]} Re7 {[%clk 0:06:01]} 28. Bh6
{[%clk 0:07:55]} Rd7 {[%clk 0:00:48]} 29. Re3 {[%clk 0:07:37]} Rxd6 {[%clk
0:00:40]} 30. Rg3+ {[%clk 0:07:47]} 1-0

[Event "European Women's Championship"]
[Site "Vysoke Tatry"]
[Date "2018.04.09"]
[Round "2"]
[White "Ptacnikova, Lenka"]
[Black "Arabidze, Meri"]
[Result "1/2-1/2"]
[Board "40"]
[WhiteElo "2198"]
[WhiteTitle "WGM"]
[WhiteCountry "ISL"]
[WhiteFideId "305650"]
[WhiteEloChange "5"]
[BlackElo "2393"]
[BlackTitle "IM"]
[BlackCountry "GEO"]
[BlackFideId "13604040"]
[BlackEloChange "-5"]

1. c4 {[%clk 1:30:57]} e6 {[%clk 1:30:50]} 2. b3 {[%clk 1:28:05]} d5 {[%clk
1:30:49]} 3. Bb2 {[%clk 1:28:28]} Nf6 {[%clk 1:31:08]} 4. Nf3 {[%clk 1:27:47]} c5
{[%clk 1:31:00]} 5. cxd5 {[%clk 1:27:50]} exd5 {[%clk 1:31:21]} 6. d4 {[%clk
1:27:29]} Nc6 {[%clk 1:30:43]} 7. e3 {[%clk 1:27:27]} cxd4 {[%clk 1:24:15]} 8.
Nxd4 {[%clk 1:25:50]} Bb4+ {[%clk 1:24:18]} 9. Bc3 {[%clk 1:24:46]} Qa5 {[%clk
1:16:10]} 10. Qd2 {[%clk 1:07:03]} Bxc3 {[%clk 1:05:56]} 11. Nxc3 {[%clk
1:05:19]} O-O {[%clk 1:05:56]} 12. Be2 {[%clk 0:58:07]} Be6 {[%clk 0:57:16]} 13.
Nxc6 {[%clk 0:43:26]} bxc6 {[%clk 0:57:38]} 14. O-O {[%clk 0:42:19]} Qb4 {[%clk
0:39:15]} 15. Rfd1 {[%clk 0:38:07]} c5 {[%clk 0:33:21]} 16. Bf3 {[%clk 0:30:10]}
Rfd8 {[%clk 0:31:16]} 17. Rac1 {[%clk 0:28:30]} Rac8 {[%clk 0:30:16]} 18. Ne2
{[%clk 0:22:38]} Qb6 {[%clk 0:28:45]} 19. Nf4 {[%clk 0:19:28]} a5 {[%clk
0:28:05]} 20. h3 {[%clk 0:19:28]} h6 {[%clk 0:28:09]} 21. Qc3 {[%clk 0:13:59]} d4
{[%clk 0:23:17]} 22. exd4 {[%clk 0:10:50]} cxd4 {[%clk 0:23:36]} 23. Qd3 {[%clk
0:10:55]} Rxc1 {[%clk 0:18:39]} 24. Rxc1 {[%clk 0:11:21]} Qd6 {[%clk 0:18:22]}
25. Nxe6 {[%clk 0:10:59]} fxe6 {[%clk 0:15:46]} 26. Rc6 {[%clk 0:11:10]} Qe5
{[%clk 0:14:58]} 27. g3 {[%clk 0:10:38]} Kh8 {[%clk 0:12:41]} 28. Qa6 {[%clk
0:08:45]} Qe1+ {[%clk 0:06:49]} 29. Kg2 {[%clk 0:09:11]} Ne4 {[%clk 0:06:53]} 30.
Bxe4 {[%clk 0:07:41]} Qxe4+ {[%clk 0:07:21]} 31. f3 {[%clk 0:07:42]} Qd5 {[%clk
0:04:03]} 32. Qc4 {[%clk 0:07:22]} Qg5 {[%clk 0:02:58]} 33. f4 {[%clk 0:06:23]}
Qh5 {[%clk 0:00:53]} 34. Rc8 {[%clk 0:02:45]} Qe8 {[%clk 0:00:49]} 35. Rxd8
{[%clk 0:02:16]} Qxd8 {[%clk 0:01:18]} 36. Qd3 {[%clk 0:01:41]} e5 {[%clk
0:00:38]} 37. fxe5 {[%clk 0:01:47]} Qd5+ {[%clk 0:01:04]} 38. Kf2 {[%clk
0:01:54]} Qxe5 {[%clk 0:01:32]} 39. h4 {[%clk 0:02:15]} Qd5 {[%clk 0:01:23]} 40.
Qf3 {[%clk 0:31:50]} Qc5 {[%clk 0:30:35]} 41. Qa8+ {[%clk 0:31:06]} Kh7 {[%clk
0:29:17]} 42. Qe4+ {[%clk 0:30:49]} Kh8 {[%clk 0:29:23]} 43. Qa8+ {[%clk
0:31:04]} Kh7 {[%clk 0:29:48]} 44. Qe4+ {[%clk 0:31:31]} Kh8 {[%clk 0:30:02]}
1/2-1/2

[Event "European Women's Championship"]
[Site "Vysoke Tatry"]
[Date "2018.04.09"]
[Round "2"]
[White "Milliet, Sophie"]
[Black "Arda, Cagil Irmak"]
[Result "1-0"]
[Board "41"]
[WhiteElo "2391"]
[WhiteTitle "IM"]
[WhiteCountry "FRA"]
[WhiteFideId "623725"]
[WhiteEloChange "5"]
[BlackElo "2199"]
[BlackTitle "WFM"]
[BlackCountry "TUR"]
[BlackFideId "6351700"]
[BlackEloChange "-5"]

1. e4 {[%clk 1:30:57]} e6 {[%clk 1:30:35]} 2. d4 {[%clk 1:31:23]} d5 {[%clk
1:31:00]} 3. Nc3 {[%clk 1:31:47]} Nf6 {[%clk 1:31:23]} 4. e5 {[%clk 1:32:13]}
Nfd7 {[%clk 1:31:47]} 5. f4 {[%clk 1:32:40]} c5 {[%clk 1:32:10]} 6. Nf3 {[%clk
1:33:06]} Nc6 {[%clk 1:32:33]} 7. Be3 {[%clk 1:33:30]} cxd4 {[%clk 1:32:54]} 8.
Nxd4 {[%clk 1:33:55]} Qb6 {[%clk 1:33:08]} 9. Qd2 {[%clk 1:32:50]} Qxb2 {[%clk
1:33:23]} 10. Rb1 {[%clk 1:33:16]} Qa3 {[%clk 1:33:45]} 11. Bb5 {[%clk 1:32:12]}
Nxd4 {[%clk 1:33:54]} 12. Bxd4 {[%clk 1:32:39]} a6 {[%clk 1:34:16]} 13. Bxd7+
{[%clk 1:32:34]} Bxd7 {[%clk 1:34:39]} 14. Rb3 {[%clk 1:32:53]} Qe7 {[%clk
1:35:01]} 15. Rxb7 {[%clk 1:33:19]} Rc8 {[%clk 1:35:23]} 16. O-O {[%clk 1:20:20]}
Qa3 {[%clk 1:35:36]} 17. Qe3 {[%clk 1:07:47]} Bc5 {[%clk 1:28:36]} 18. Bxc5
{[%clk 0:53:20]} Qxc5 {[%clk 1:24:18]} 19. Qxc5 {[%clk 0:53:26]} Rxc5 {[%clk
1:24:39]} 20. Rb8+ {[%clk 0:53:45]} Bc8 {[%clk 1:12:20]} 21. Na4 {[%clk 0:52:28]}
Rxc2 {[%clk 1:07:37]} 22. Nb6 {[%clk 0:52:51]} O-O {[%clk 1:06:10]} 23. Rf3
{[%clk 0:52:12]} Rc7 {[%clk 1:05:01]} 24. f5 {[%clk 0:38:26]} Rb7 {[%clk
0:51:07]} 25. Rxb7 {[%clk 0:34:47]} Bxb7 {[%clk 0:51:32]} 26. f6 {[%clk 0:34:46]}
Rd8 {[%clk 0:43:23]} 27. Rg3 {[%clk 0:31:47]} g6 {[%clk 0:42:00]} 28. Kf2 {[%clk
0:30:41]} h5 {[%clk 0:37:43]} 29. Ke3 {[%clk 0:18:32]} d4+ {[%clk 0:34:39]} 30.
Kd2 {[%clk 0:16:07]} Bc6 {[%clk 0:33:00]} 31. Ra3 {[%clk 0:10:51]} Bb5 {[%clk
0:32:29]} 32. Rb3 {[%clk 0:10:15]} Rb8 {[%clk 0:29:49]} 33. Nc4 {[%clk 0:10:14]}
Ra8 {[%clk 0:18:16]} 34. Nd6 {[%clk 0:09:07]} Bc6 {[%clk 0:18:35]} 35. g3 {[%clk
0:09:22]} a5 {[%clk 0:18:06]} 36. Rb6 {[%clk 0:08:09]} Bd5 {[%clk 0:17:18]} 37.
a3 {[%clk 0:08:33]} g5 {[%clk 0:17:09]} 38. Kd3 {[%clk 0:08:54]} Bg2 {[%clk
0:16:29]} 39. Kxd4 {[%clk 0:09:16]} a4 {[%clk 0:16:52]} 40. Rb2 {[%clk 0:37:23]}
Bf3 {[%clk 0:44:53]} 41. h4 {[%clk 0:32:10]} g4 {[%clk 0:40:18]} 42. Rc2 {[%clk
0:30:54]} Rf8 {[%clk 0:40:31]} 43. Rc7 {[%clk 0:30:18]} Bd1 {[%clk 0:39:44]} 44.
Ke3 {[%clk 0:29:26]} Rb8 {[%clk 0:34:42]} 45. Nxf7 {[%clk 0:17:34]} Rb3+ {[%clk
0:33:30]} 46. Kd2 {[%clk 0:17:41]} 1-0